000 00598nam a2200145Ia 4500
008 100204s9999 xx 000 0 und d
082 _b5857
100 _aइनामदार हे. वि.
245 _aसंत एकनाथ दर्शन ( लेखसंग्रह )
260 _bकॉन्टिनेन्टल प्रकाशन पुणे
_c1983
300 _a13+360
630 _aसंत एकनाथ दर्शन ( लेखसंग्रह )
730 _aसंत एकनाथ दर्शन ( लेखसंग्रह )
942 _cBOOK
999 _c450377
_d450374